RC Celta de Vigo Squad 2014-2015 - Statistics

General Stats
  • This quiz has been taken 16 times
  • The average score is 21 of 23
Answer Stats
# Position Nation Player % Correct
3 DF Spain Andreu Fontàs
100%
4 MF Spain Borja Oubiña
100%
9 FW Brazil Charles
100%
14 FW Chile Fabián Orellana
100%
2 DF Spain Hugo Mallo
100%
23 MF Denmark Michael Krohn-Dehli
100%
10 FW Spain Nolito
100%
5 MF Chile Pablo Hernández
100%
13 GK Spain Rubén Blanco
100%
20 DF Spain Sergi Gómez
100%
1 GK Spain Sergio Álvarez
100%
24 MF Argentina Augusto Fernández
92%
- Coach Argentina Eduardo Berizzo
92%
11 FW Argentina Joaquín Larrivey
92%
17 MF Gabon Levy Madinda
92%
6 MF Serbia Nemanja Radoja
92%
8 MF Spain Álex López
83%
21 DF Spain Carles Planas
83%
22 DF Argentina Gustavo Cabral
83%
19 DF Spain Jonny Otto
83%
7 FW Spain Santi Mina
75%
18 FW Belgium Theo Bongonda
75%
15 DF Spain David Costas
50%
No matching quizzes found
Score Distribution
Percent of People with Each Score
Percentile by Number Answered
Your Score History
You have not taken this quiz